02119cam a22002414a 4500020001500000040000800015082002600023110001600049245012600065260004700191300003100238490003100269520128200300650002301582650005301605650001801658650002201676650004601698650002401744650003201768710001601800856006101816 a0821354280 cDLC a332 WOR 2003 A069 Or.2 aWorld Bank.10aGlobal Development Finance 2003 Vol 1 (Analysis and Statistical Appendix)bStriving for Stability in Development Finance. aWashington, D.C. :bThe World Bank,c2003. a1 online resource (252 p.)1 aGlobal Development Finance3 aSince the late 1990s, an essential shift has taken place in the pattern of private sector financial flows to developing countries. Debt flows have fallen sharply, while equity flows--primarily in the form of foreign direct investment--have remained comparatively robust. The shift from debt to equity ought to diminish the volatility of developing countries' external finance and improve their access to technology, markets, and management expertise. However, much more needs to be done to put development finance on a stable basis. Global Development Finance 2003 is unique in its depth of coverage of the issues related to international development finance. By putting all development-related flows in a consistent framework, the publication will allow government officials, economists, investors, financial consultants, academics, bankers, and the entire development community to better understand, manage, and promote the key challenges of financing development. Global Development Finance 2003, I: Analysis and Statistical Appendix is the World Bank’s annual review of recent trends in and prospects for financial flows to developing countries. It also contains the World Bank's projections of the global outlook in view of the current global geopolitical uncertainties. 4aAccess to Finance. 4aBankruptcy and Resolution of Financial Distress. 4aDebt Markets. 4aEmerging Markets. 4aFinance and Financial Sector Development. 4aFinancial Literacy. 4aPrivate Sector Development.2 aWorld Bank.40uhttp://elibrary.worldbank.org/content/book/9780821354285